Un mundo de figuras imposibles

Đã lưu trong:
Chi tiết về thư mục
Tác giả chính: Ernst Bruno (autor)
Định dạng: Sách
Ngôn ngữ:Tiếng Tây Ban Nha
Được phát hành: Berlín Taschen 1991
Những chủ đề:
Các nhãn: Thêm thẻ
Không có thẻ, Là người đầu tiên thẻ bản ghi này!

MARC

LEADER 00000nam a2200000 a 4500
001 UCW1668
003 CL-VaPUC
008 921027e19910000GW |||||||||||||||||spa|d
082 0 4 |a 510.1  |b ERN  |2 21 
100 |a Ernst Bruno  |e autor  |9 382 
245 1 3 |a Un mundo de figuras imposibles 
300 |a 79 p 
942 |c BK 
945 |d 19921027 00:00:00 
260 |a Berlín  |b Taschen  |c 1991 
600 0 |a Escher, Maurits Cornelis  |d 1898-1972  |9 267648 
650 0 |a Metamatemáticas  |9 268160 
650 7 |a GRABADO  |2 CL-VaPUC  |9 265438 
650 0 |a Obras ilustradas  |9 265022 
651 0 |a Holanda  |9 267234 
583 |a last modification  |c 19921027 00:00:00  |k Rodrigo Vera 
999 |c 216519  |d 216517 
952 |0 0  |1 0  |4 0  |6 510_100000000000000_ERN_1991  |7 0  |8 A  |9 202266  |a BIBMAT  |b BIBMAT  |d 2019-11-14  |i 2694131  |o 510.1 ERN 1991  |p 2694131  |r 2025-01-07  |w 2019-11-14  |y BK  |k MAT